[Event "Chigorin Memorial 27th"]
[Site "St Petersburg"]
[Date "2019.10.08"]
[Round "4"]
[White "Kudin, Alexander"]
[Black "Gagare, Shalmali"]
[Result "1-0"]
[WhiteElo "1824"]
[BlackElo "2134"]
[PlyCount "75"]
[EventDate "2019.10.05"]
[EventType "swiss"]
[EventRounds "9"]
[EventCountry "RUS"]
[SourceTitle "EXT 2020"]
[Source "ChessBase"]
[SourceDate "2019.10.17"]
[SourceVersion "1"]
[SourceVersionDate "2019.10.17"]
[SourceQuality "1"]

1. Nf3 d5 2. d4 Nf6 3. c4 e6 4. Nc3 Be7 5. cxd5 exd5 6. Bf4 c6 7. e3 Bf5 8. Bd3 Bxd3 9. Qxd3 0-0 10. 0-0 Bd6 11. Bg5 Nbd7 12. e4 dxe4 13. Nxe4 Be7 14. Ng3 Nd5 15. Bd2 g6 16. Rfe1 Bf6 17. Ne5 Bg7 18. f4 Re8 19. Ne4 Nxf4 20. Qf3 Nxe5 21. dxe5 Nd3 22. Nd6 Nxe1 23. Qxf7+ Kh8 24. Qc4 Rf8 25. Rxe1 Qe7 26. Bb4 a5 27. Bc5 Qc7 28. e6 b6 29. Nf7+ Rxf7 30. exf7 Qd7 31. Qe6 Bd4+ 32. Kh1 Qxe6 33. Rxe6 Bxc5 34. Re8+ Kg7 35. Rxa8 Kxf7 36. Rc8 Bd4 37. Rxc6 Bxb2 38. Rxb6 1-0

[Event "St Petersburg Korchnoi Memorial op"]
[Site "St Petersburg"]
[Date "2019.08.20"]
[Round "7"]
[White "Petrov, Igor1"]
[Black "Kudin, Alexander"]
[Result "0-1"]
[WhiteElo "1626"]
[BlackElo "1828"]
[PlyCount "90"]
[EventDate "2019.08.14"]
[EventType "swiss"]
[EventRounds "9"]
[EventCountry "RUS"]
[SourceTitle "CBM 192"]
[Source "ChessBase"]
[SourceDate "2019.10.31"]
[SourceVersion "1"]
[SourceVersionDate "2019.10.31"]
[SourceQuality "1"]

1. d4 d5 2. c4 e6 3. Nc3 Nf6 4. cxd5 exd5 5. Bg5 Be7 6. e3 Bf5 7. Qb3 Nbd7 8. Nxd5 Nxd5 9. Qxd5 Bb4+ 10. Kd1 Qxg5 11. Qxb7 Rb8 12. Qxc7 0-0 13. Qg3 Qf6 14. f3 Rfc8 15. b3 Bc3 16. Rc1 Bxd4 17. Rxc8+ Rxc8 18. e4 Bxe4 19. Bc4 Bxg1 20. fxe4 Qd4+ 21. Kc2 Ne5 22. Qc3 Qxe4+ 23. Kc1 Nxc4 24. Rxg1 Nb6 25. Qxc8+ Nxc8 26. Rd1 Qc6+ 27. Kb1 h6 28. Rc1 Qe4+ 29. Ka1 Nb6 30. g4 Qxg4 31. h4 Qxh4 32. b4 Qd4+ 33. Kb1 Na4 34. Rc8+ Kh7 35. Kc2 f5 36. b5 f4 37. b6 axb6 38. a3 f3 39. Kb3 Nc5+ 40. Ka2 Qc4+ 41. Kb2 f2 42. Rf8 Na4+ 43. Kb1 Qb3+ 44. Kc1 Qb2+ 45. Kd1 Nc3# 0-1

[Event "St Petersburg Korchnoi Memorial op"]
[Site "St Petersburg"]
[Date "2019.08.19"]
[Round "6"]
[White "Kudin, Alexander"]
[Black "Vetokhina, Sofia"]
[Result "0-1"]
[WhiteElo "1828"]
[BlackElo "1521"]
[PlyCount "134"]
[EventDate "2019.08.14"]
[EventType "swiss"]
[EventRounds "9"]
[EventCountry "RUS"]
[SourceTitle "CBM 192"]
[Source "ChessBase"]
[SourceDate "2019.10.31"]
[SourceVersion "1"]
[SourceVersionDate "2019.10.31"]
[SourceQuality "1"]

1. e4 c5 2. Nf3 Nc6 3. Bb5 Nf6 4. Nc3 Qc7 5. 0-0 Nd4 6. Bc4 b5 7. Nd5 Nxd5 8. Bxd5 Bb7 9. Bxb7 Nxf3+ 10. Qxf3 Qxb7 11. b3 e6 12. Bb2 d5 13. exd5 Qxd5 14. Qe2 Qc6 15. a4 b4 16. Rfe1 Bd6 17. Qg4 0-0-0 18. Qc4 Bc7 19. Rad1 Rd5 20. Qe4 Qd6 21. g3 h5 22. Bxg7 Re8 23. f4 Rxd2 24. Be5 Qd5 25. Rxd2 Qxd2 26. Bb2 h4 27. Bc1 Qd7 28. Be3 hxg3 29. hxg3 Qd5 30. Bf2 Rd8 31. Qh7 Rd7 32. Qe4 Bb6 33. Qe2 c4 34. Bxb6 axb6 35. Qe3 Qd2 36. Re2 Qxe3+ 37. Rxe3 Rd2 38. Kf1 Rxc2 39. bxc4 Rxc4 40. Ke2 Rc2+ 41. Kd3 b3 42. Kd4 b2 43. Rb3 Kc7 44. Ke5 Rc5+ 45. Kf6 Rf5+ 46. Ke7 e5 47. Rxb2 exf4 48. Rf2 Re5+ 49. Kf6 fxg3 50. Rg2 Re4 51. Rxg3 Rxa4 52. Kxf7 Re4 53. Kf6 Kc6 54. Kf5 Re1 55. Kf4 Kc5 56. Rc3+ Kb4 57. Rc8 b5 58. Rb8 Kc4 59. Rc8+ Kb3 60. Rb8 b4 61. Rc8 Kb2 62. Rb8 b3 63. Rb7 Kc2 64. Rc7+ Kb1 65. Rb7 b2 66. Kf3 Re6 67. Kf2 Rc6 0-1

[Event "St Petersburg Korchnoi Memorial op"]
[Site "St Petersburg"]
[Date "2019.08.17"]
[Round "4"]
[White "Kudin, Alexander"]
[Black "Irkha, Alexey"]
[Result "1/2-1/2"]
[WhiteElo "1828"]
[BlackElo "2154"]
[PlyCount "29"]
[EventDate "2019.08.14"]
[EventType "swiss"]
[EventRounds "9"]
[EventCountry "RUS"]
[SourceTitle "CBM 192"]
[Source "ChessBase"]
[SourceDate "2019.10.31"]
[SourceVersion "1"]
[SourceVersionDate "2019.10.31"]
[SourceQuality "1"]

1. e4 c5 2. Nf3 e6 3. c3 Nf6 4. e5 Nd5 5. d4 cxd4 6. cxd4 d6 7. g3 Nc6 8. Bg2 Be7 9. 0-0 0-0 10. exd6 Qxd6 11. Nc3 Qd8 12. a3 Nxc3 13. bxc3 e5 14. Nxe5 Nxe5 15. Bf4 1/2-1/2

[Event "Chigorin Memorial 26th"]
[Site "St Petersburg"]
[Date "2018.11.02"]
[Round "7"]
[White "Kudin, Alexander"]
[Black "Yaroslavtsev, Artem"]
[Result "1/2-1/2"]
[WhiteElo "1654"]
[BlackElo "2097"]
[PlyCount "120"]
[EventDate "2018.10.27"]
[EventType "swiss"]
[EventRounds "9"]
[EventCountry "RUS"]
[SourceTitle "CBM 187 Extra"]
[Source "ChessBase"]
[SourceDate "2018.11.04"]
[SourceVersion "1"]
[SourceVersionDate "2018.11.04"]
[SourceQuality "1"]

1. e4 d6 2. d4 Nf6 3. f3 e5 4. dxe5 dxe5 5. Qxd8+ Kxd8 6. Bc4 Be6 7. Bxe6 fxe6 8. b3 Bd6 9. Bb2 Ke7 10. Nd2 Nbd7 11. 0-0-0 b5 12. Nh3 a5 13. Rhe1 a4 14. f4 axb3 15. axb3 Ba3 16. f5 h6 17. Nf2 Nc5 18. Nf3 Nfd7 19. Ng4 Bxb2+ 20. Kxb2 exf5 21. exf5 e4 22. Nd4 h5 23. Nf2 Nf6 24. Nxb5 c6 25. Nc3 Rad8 26. Ra1 Rd4 27. Ra7+ Kd6 28. Rxg7 Ke5 29. Ra7 Rg8 30. g3 Rd2 31. Re2 Rxe2 32. Nxe2 h4 33. Ra5 Kd6 34. Ra1 Rg5 35. Rf1 Ke5 36. Nd1 hxg3 37. Nxg3 Ng4 38. f6 Nxf6 39. b4 Ncd7 40. Ne3 Nd5 41. Nc4+ Ke6 42. c3 Rg4 43. Re1 N7f6 44. Kc2 Rh4 45. Re2 Nf4 46. Rf2 N4d5 47. Nf5 Rh3 48. Nd4+ Kd7 49. Ne2 Ng4 50. Rf7+ Ke6 51. Rf4 Rxh2 52. Rxe4+ Kf5 53. Nd6+ Kg5 54. Kb3 Rh3 55. Rc4 Ne5 56. Rc5 Re3 57. Nd4 Nd3 58. Rxc6 N3xb4 59. Nf7+ Kf4 60. Rc4 Rxc3+ 1/2-1/2

[Event "Chigorin Memorial 25th"]
[Site "St Petersburg"]
[Date "2017.10.28"]
[Round "8"]
[White "Kudin, Alexander"]
[Black "Airapetyan, Anzhelika"]
[Result "1/2-1/2"]
[WhiteElo "1520"]
[BlackElo "1382"]
[PlyCount "120"]
[EventDate "2017.10.21"]
[EventType "swiss"]
[EventRounds "9"]
[EventCountry "RUS"]
[SourceTitle "CBM 181 Extra"]
[Source "ChessBase"]
[SourceDate "2017.12.12"]
[SourceVersion "1"]
[SourceVersionDate "2017.12.12"]
[SourceQuality "1"]

1. e4 e6 2. d4 d5 3. exd5 exd5 4. Nf3 Bg4 5. Be2 Bd6 6. h3 Bh5 7. Nc3 c6 8. Ne5 Bxe2 9. Qxe2 Ne7 10. Bd2 Nd7 11. f4 Nf6 12. g4 Qc7 13. 0-0-0 Nd7 14. Nxd7 Qxd7 15. Qf2 0-0-0 16. Rde1 f5 17. Qf3 Qc7 18. Re6 Rhf8 19. Rhe1 Rd7 20. Ne2 Ng6 21. gxf5 Nh4 22. Qh5 Nxf5 23. Qxh7 g5 24. Qg6 Rg7 25. Re8+ Rxe8 26. Qxe8+ Qd8 27. Qxd8+ Kxd8 28. fxg5 Be7 29. Rg1 Nh4 30. Rg4 Nf3 31. g6 Bd6 32. Bg5+ Nxg5 33. Rxg5 Ke7 34. Rh5 Kf6 35. Rh7 Rxh7 36. gxh7 Kg7 37. Kd2 Kxh7 38. Ke3 Kg6 39. Kf3 Kg5 40. Ng3 Bc7 41. Kg2 Bb6 42. c3 Bc7 43. Ne2 Bd6 44. b3 b6 45. c4 dxc4 46. bxc4 b5 47. cxb5 cxb5 48. Nc3 Bb8 49. Nxb5 a6 50. Nc3 Kf4 51. Kf2 Bd6 52. Na4 Ke4 53. Nc5+ Kxd4 54. Nxa6 Kc4 55. a3 Bxa3 56. Nc7 Kc5 57. Kf3 Kc6 58. Ne8 Kd7 59. Ng7 Ke7 60. Kg4 Kf6 1/2-1/2

[Event "Chigorin Memorial 24th"]
[Site "St Petersburg"]
[Date "2016.10.23"]
[Round "9"]
[White "Kudin, Alexander"]
[Black "Kurbanov, Sergey"]
[Result "1-0"]
[WhiteElo "1313"]
[BlackElo "1198"]
[PlyCount "125"]
[EventDate "2016.10.15"]
[EventType "swiss"]
[EventRounds "9"]
[EventCountry "RUS"]
[SourceTitle "CBM 175 Extra"]
[Source "ChessBase"]
[SourceDate "2016.12.12"]
[SourceVersion "1"]
[SourceVersionDate "2016.12.12"]
[SourceQuality "1"]

1. e4 e6 2. d4 d5 3. exd5 exd5 4. Nf3 Nc6 5. Bb5 Bd7 6. 0-0 Nf6 7. Re1+ Be7 8. Qe2 a6 9. Bxc6 bxc6 10. Nc3 Be6 11. Ng5 Bf5 12. Nf3 h6 13. h3 Be6 14. Ne5 Qd6 15. Bf4 0-0 16. Ng6 Qd7 17. Nxf8 Rxf8 18. Na4 Ne4 19. f3 Bg5 20. Bxg5 Nxg5 21. Nc5 Qc8 22. h4 Nh7 23. Nxe6 Re8 24. Qe3 fxe6 25. Re2 Nf8 26. Rae1 Kf7 27. f4 g6 28. b3 h5 29. c4 Rd8 30. c5 Re8 31. Qf3 Kg7 32. g4 hxg4 33. Qxg4 Kh6 34. Kh1 Qd8 35. Rh2 Kg7 36. h5 Qf6 37. Rd1 Qf5 38. Qxf5 exf5 39. h6+ Kh7 40. Kg1 Re4 41. Rf2 Ne6 42. Kf1 Rxf4 43. Rxf4 Nxf4 44. Re1 Kxh6 45. Re7 g5 46. Rxc7 Kh5 47. Rxc6 g4 48. Rc8 Kg6 49. c6 Ne6 50. c7 Nxc7 51. Rxc7 f4 52. Rc6+ Kf5 53. Rc1 Ke4 54. Rd1 Ke3 55. a4 f3 56. Re1+ Kxd4 57. Kf2 Kc3 58. Re3+ Kd4 59. Re6 Kc3 60. Rxa6 d4 61. Rd6 d3 62. a5 d2 63. a6 1-0